[Event "XLI Rilton Cup 2011-12"]
[Site "Stockholm SWE"]
[Date "2011.12.30"]
[Round "4"]
[White "Arjun,B"]
[Black "Leer Salvesen,B"]
[Result "0-1"]
[WhiteElo "2178"]
[BlackElo "2380"]

1.Nf3 d5 2.c4 e6 3.g3 Nf6 4.Bg2 Be7 5.O-O O-O 6.b3 c5 7.e3 Nc6 8.Nc3 d4 9.exd4 cxd4
10.Ne2 e5 11.d3 h6 12.a3 a5 13.Rb1 Bf5 14.Nh4 Bh7 15.f4 exf4 16.gxf4 Ng4
17.Nf3 Ne3 18.Bxe3 dxe3 19.d4 Bxb1 20.Qxb1 Bxa3 21.d5 Nb8 22.Nfd4 Re8 23.Rf3 Ra6
24.Nf5 Bf8 25.Rg3 Rg6 26.Rxg6 fxg6 27.Nfd4 Qf6 28.Ne6 Nd7 29.Qc1 Kh8 30.Bh3 Qh4
31.Qxe3 Bc5 32.N2d4 Qf6 33.Kg2 Bxd4 34.Qxd4 Rxe6 35.Qxf6 Rxf6 36.Bxd7 Kg8
37.Be6+ Kf8 38.Kf3 Ke7 39.c5 Rf8 40.Ke4 b6 41.Ke5 bxc5 42.d6+ Kd8 43.h4 Rf6
44.Bh3 Rf7 45.Be6 Rb7 46.Bc4 Rb4 47.Kd5 a4 48.bxa4 Rxa4 49.Kxc5 Ra3 50.Bf7 Ra5+
51.Kc6 Rh5 52.Bxg6 Rxh4 53.f5 Rh1 54.Kd5 Kd7 55.f6 Rd1+ 56.Ke5 Re1+ 57.Be4 gxf6+
58.Kf5 Rxe4  0-1

[Event "V Stadium Casablanca Open"]
[Site "Zaragoza ESP"]
[Date "2011.12.30"]
[Round "8"]
[White "Valiente Roy,J"]
[Black "Moreno Gracia,Dan"]
[Result "0-1"]
[WhiteElo "2035"]
[BlackElo "2298"]

1.Nf3 d5 2.c4 dxc4 3.e4 c5 4.Bxc4 Nc6 5.b4 cxb4 6.d4 e6 7.O-O Nf6 8.Re1 Be7
9.Bb2 O-O 10.Nbd2 a6 11.Qe2 b5 12.Bd3 Bb7 13.g3 Rc8 14.h4 Re8 15.Nb3 Na5
16.Nxa5 Qxa5 17.Ng5 g6 18.Bc1 Qd8 19.e5 Qd5 20.Ne4 Nxe4 21.Bxe4 Qxe4 22.Qxe4 Bxe4
23.Rxe4 Red8 24.Be3 a5 25.h5 a4 26.hxg6 hxg6 27.Kg2 Rc2 28.g4 g5 29.Kg3 a3
30.f4 Rxa2 31.Rh1 b3 32.fxg5 b2 33.g6 Ra1 34.gxf7+ Kxf7 35.Rh7+ Ke8  0-1

[Event "Hastings Masters 2011-12"]
[Site "Hastings ENG"]
[Date "2012.01.01"]
[Round "5.20"]
[White "Grant,A"]
[Black "Haydon,D"]
[Result "0-1"]
[WhiteElo "2186"]
[BlackElo "2296"]

1.Nf3 d5 2.c4 c6 3.d4 Nf6 4.Nbd2 e6 5.g3 c5 6.cxd5 Qxd5 7.Bg2 cxd4 8.O-O d3
9.e4 Qd8 10.e5 Nd5 11.Ne4 Be7 12.Qxd3 Nc6 13.Bg5 Bxg5 14.Nexg5 h6 15.Ne4 O-O
16.Rfd1 Qc7 17.Rac1 Nxe5 18.Rxc7 Nxd3 19.Rxc8 Raxc8 20.Rxd3 Rfd8 21.Ne1 f5
22.Nc3 Nxc3 23.Rxc3 Rxc3 24.bxc3 Rd1 25.Kf1 b6 26.Bc6 Rc1 27.a4 Rxc3 28.Bb5 Kf7
29.Nd3 Kf6 30.f4 g5 31.h4 Ra3 32.hxg5+ hxg5 33.fxg5+ Kxg5 34.Kg2 a6 35.Bxa6 Rxa4
36.Bc8 Ra2+ 37.Kf3 Ra3 38.Ke2 Kf6 39.Nf4 Ra5 40.Kf3 e5 41.Ne2 Kg5 42.Be6 Ra3+
43.Kf2 b5 44.Nc1 Kg4 45.Nb3 Ra2+ 46.Kf1 Rb2 47.Nc5 Kxg3  0-1

[Event "Northern California International"]
[Site "Fremont USA"]
[Date "2012.01.02"]
[Round "1"]
[White "Shivaji,S1"]
[Black "Meier,Geo"]
[Result "0-1"]
[WhiteElo "2295"]
[BlackElo "2671"]

1.Nf3 d5 2.c4 d4 3.g3 Nc6 4.Bg2 e5 5.O-O Nf6 6.d3 Bd6 7.Na3 O-O 8.Nc2 Re8
9.Rb1 a5 10.b3 Nb4 11.a3 Nxc2 12.Qxc2 Qe7 13.b4 axb4 14.axb4 Bxb4 15.Nxe5 Bc5
16.f4 c6 17.h3 g6 18.Kh2 Nh5 19.g4 Ng7 20.Rf2 Ne6 21.Kh1 Qd6 22.g5 Ng7 23.Ng4 Nh5
24.Bf3 Kg7 25.Nh6 Ra7 26.Bxh5 gxh5 27.f5 Qg3 28.e4 dxe3 29.Qc3+ Re5 30.Bb2 Bd6
31.Rg2 Qxh3+ 32.Kg1 Ra2 33.d4 Rxb2 34.Qxb2 Re4 35.d5+ Be5 36.f6+ Kg6 37.Qc2 Bf5
38.Nxf5 Qxf5 39.Rf1 Bf4 40.dxc6 bxc6 41.Qd3 e2 42.Rxe2 Bh2+  0-1

[Event "XLI Rilton Cup 2011-12"]
[Site "Stockholm SWE"]
[Date "2012.01.02"]
[Round "6"]
[White "Berczes,D"]
[Black "Bellon Lopez,JuM"]
[Result "0-1"]
[WhiteElo "2555"]
[BlackElo "2419"]

1.Nf3 d5 2.c4 c6 3.g3 Bg4 4.Bg2 e6 5.O-O Nd7 6.cxd5 exd5 7.d3 Ngf6 8.Nc3 Bc5
9.Qb3 Bb6 10.Na4 O-O 11.Nxb6 axb6 12.Qc2 Re8 13.e3 Nc5 14.b4 Na4 15.h3 Bxf3
16.Bxf3 b5 17.Bg2 Nd7 18.Bd2 Qf6 19.Rab1 Qg6 20.e4 dxe4 21.dxe4 Ne5 22.Rb3 Rad8
23.f4 Qd6 24.Be3 Nc4 25.Bc1 Qd4+ 26.Kh2 Rd7 27.e5 Red8 28.Re1 Nd2 29.Rbe3 Qxb4
30.e6 fxe6 31.Rxe6 Qc5 32.Qxc5 Nxc5 33.Re8+ Rxe8 34.Rxe8+ Kf7 35.Rh8 Nc4
36.f5 Nd3 37.Bg5 h6 38.Bh4 Nde5 39.g4 Rd2 40.Kg1 Rd1+ 41.Kh2 Rd2 42.Kg1 Ne3
43.Bh1 Nd3 44.Rb8 Nf4 45.Rxb7+ Kg8 46.Rb8+ Kh7 47.Bxc6 Nxh3+ 48.Kh1 Nxg4
49.Bg3 Nhf2+ 50.Kg1 Rxa2 51.Bxf2 Rxf2 52.Bd5 h5 53.Rxb5 Rf4 54.Bf7 Kh6 55.Bg6 Ne3
56.Rb6 Kg5 57.Rb7 Rg4+ 58.Kh2 Nxf5 59.Bh7 g6 60.Rb5 Kf6 61.Bg8 Nd4 62.Rb6+ Kg5
63.Bd5 Kh4 64.Kh1 g5 65.Rb2 Rg3 66.Rb4 Rd3 67.Bf7 Rd2 68.Ra4 g4 69.Bd5 Kg3
70.Ra3+ Nf3 71.Bxf3 gxf3 72.Ra1 Rh2+ 73.Kg1 f2+ 74.Kf1 Rh1+  0-1

[Event "24th Staufer-Open"]
[Site "Schwaebisch Gmuend GER"]
[Date "2012.01.03"]
[Round "4"]
[White "Krockenberger,M"]
[Black "Starostits,I"]
[Result "0-1"]
[WhiteElo "2193"]
[BlackElo "2469"]

1.Nf3 d5 2.c4 c6 3.g3 dxc4 4.Bg2 g6 5.O-O Bg7 6.Qc2 b5 7.a4 Bb7 8.Nc3 a6
9.Rd1 Nd7 10.d4 cxd3 11.Rxd3 Qa5 12.Be3 Ngf6 13.Rad1 b4 14.Nb1 Nd5 15.Nbd2 O-O
16.Nc4 Qc7 17.Qc1 a5 18.Bh6 Nc5 19.Bxg7 Kxg7 20.Rd4 Nb3 21.Qg5 h6 22.Qh4 Nxd4
23.Qxd4+ Nf6 24.Qc5 Rfd8 25.Rc1 Rd5 26.Qe3 Rad8 27.h3 Rd1+ 28.Rxd1 Rxd1+
29.Kh2 c5 30.Nfe5 Bxg2 31.Kxg2 Ra1 32.b3 e6 33.f3 Qd8 34.Nd3 Qd4 35.Qxd4 cxd4
36.Nxa5 Nd5 37.Nc6 Ne3+ 38.Kh2 Nc2 39.Kg2 Ne1+ 40.Nxe1 Rxe1 41.Kf2 Rb1 42.Nxb4 Rxb3
43.Nc6 d3 44.exd3 Rxd3 45.a5 Ra3  0-1

[Event "Northern California International"]
[Site "Fremont USA"]
[Date "2012.01.05"]
[Round "5"]
[White "Shivaji,S1"]
[Black "Sevian,Samuel"]
[Result "1/2-1/2"]
[WhiteElo "2295"]
[BlackElo "2185"]

1.Nf3 d5 2.c4 c6 3.g3 Nf6 4.Bg2 Bf5 5.cxd5 cxd5 6.Qb3 Qb6 7.Nc3 e6 8.d3 Nc6
9.Be3 Qxb3 10.axb3 Bb4 11.Nd4 Nxd4 12.Bxd4 O-O 13.O-O a6 14.Rfc1 Rac8 15.Na4  1/2-1/2

[Event "Northern California International"]
[Site "Fremont USA"]
[Date "2012.01.05"]
[Round "6"]
[White "Ni,V"]
[Black "Coleman,T"]
[Result "1-0"]
[WhiteElo "2225"]
[BlackElo "2356"]

1.Nf3 d5 2.c4 c6 3.e3 Nf6 4.Nc3 e6 5.b3 Nbd7 6.Bb2 Bd6 7.Qc2 O-O 8.Be2 Re8
9.d4 dxc4 10.Bxc4 b5 11.Be2 Bb7 12.Rd1 b4 13.Na4 Qe7 14.O-O Rac8 15.e4 Bb8
16.Nc5 Nxc5 17.dxc5 e5 18.Qc4 a5 19.a3 bxa3 20.Bxa3 Bc7 21.Qc2 Ra8 22.Nd2 Nd7
23.Nc4 Ba6 24.Nd6 Bxe2 25.Nf5 Qe6 26.Qxe2 Nf8 27.Rd3 Qf6 28.Bc1 Ne6 29.Qg4 Qg6
30.Qh4 Bd8 31.Qh3 Nf4 32.Bxf4 exf4 33.Rd6 Qg5 34.Qf3 h5 35.Rxc6 h4 36.Rd6 g6
37.Nd4 Qxc5 38.Rd5 Qe7 39.e5 Bc7 40.Nc6 Qe6 41.Nd4 Qb6 42.Rd1 Rad8 43.Nc6 Rxd5
44.Qxd5 Kg7 45.h3 Re6 46.Rc1 Qb7 47.Qd7 Qxb3 48.Nd4  1-0

[Event "Hastings Masters 2011-12"]
[Site "Hastings ENG"]
[Date "2012.01.05"]
[Round "9.11"]
[White "Rudd,J"]
[Black "Shyam,N"]
[Result "0-1"]
[WhiteElo "2290"]
[BlackElo "2482"]

1.Nf3 d5 2.c4 c6 3.d4 Nf6 4.e3 g6 5.Nc3 Bg7 6.Be2 O-O 7.O-O Nbd7 8.b3 a6
9.a4 b6 10.Ba3 Bb7 11.Rc1 Re8 12.Qc2 Qb8 13.Rfd1 e6 14.e4 dxe4 15.Nxe4 Nxe4
16.Qxe4 e5 17.dxe5 c5 18.Qg4 Nxe5 19.Nxe5 Bxe5 20.Bf3 Bxh2+ 21.Kh1 h5 22.Qh3 Bf4
23.Rb1 a5 24.Bb2 Bxf3 25.Qxf3 Ra7 26.Rd5 Rae7 27.g3 Be5 28.Bc1 Qc8 29.Kg2 Bd4
30.Bh6 Qg4 31.Rd1 Re2 32.R1xd4 cxd4 33.Qxg4 hxg4 34.Rxd4 Rb2 35.Rd3 Re1  0-1

[Event "24th Staufer-Open"]
[Site "Schwaebisch Gmuend GER"]
[Date "2012.01.05"]
[Round "8"]
[White "Burmakin,V"]
[Black "Starostits,I"]
[Result "1-0"]
[WhiteElo "2593"]
[BlackElo "2469"]

1.Nf3 d5 2.c4 c6 3.e3 Nf6 4.d4 a6 5.Nbd2 Bf5 6.Be2 Nbd7 7.O-O h6 8.b4 e6
9.c5 Qc7 10.Bb2 Be7 11.Nb3 O-O 12.a3 Ne4 13.Bd3 Bg4 14.Qc2 Bxf3 15.gxf3 Ng5
16.Qe2 f5 17.Kh1 f4 18.Nd2 e5 19.e4 Bf6 20.exd5 cxd5 21.h4 exd4 22.hxg5 Rae8
23.Qd1 Ne5 24.Qb3 Qd7 25.Kh2 Nxd3 26.Qxd3 Re5 27.Rh1 Rxg5 28.Rag1 Rf5 29.Rg4 h5
30.Rg6 Kh7 31.Rhg1 Bh4 32.Bxd4 Bg3+ 33.fxg3 Kxg6 34.g4  1-0

[Event "4th Chennai Open"]
[Site "Chennai IND"]
[Date "2012.01.06"]
[Round "5"]
[White "Vishnu,P"]
[Black "Oleksienko,M"]
[Result "1/2-1/2"]
[WhiteElo "2392"]
[BlackElo "2563"]

1.Nf3 d5 2.c4 d4 3.b4 c5 4.bxc5 Nc6 5.d3 e5 6.g3 Bxc5 7.Bg2 Nf6 8.O-O O-O
9.Nbd2 Re8 10.Ng5 Bf8 11.Nde4 h6 12.Nxf6+ Qxf6 13.Ne4 Qg6 14.Rb1 Rb8 15.Qc2 Kh8
16.c5 f5 17.Nd6 Bxd6 18.cxd6 Qxd6 19.Bxc6 bxc6 20.Ba3 Qc7 21.Rxb8 Qxb8 22.Qxc6 Re6
23.Qd5 Qb7 24.Qxb7 Bxb7 25.Bc5 Bd5  1/2-1/2

[Event "ch-AUS 2011-12"]
[Site "North Geelong AUS"]
[Date "2012.01.07"]
[Round "10.7"]
[White "Ikeda,J"]
[Black "Tan,Ju2"]
[Result "1/2-1/2"]
[WhiteElo "2349"]
[BlackElo "2160"]

1.Nf3 d5 2.c4 c6 3.g3 Nf6 4.Bg2 dxc4 5.Qc2 b5 6.a4 Bb7 7.b3 cxb3 8.Qxb3 a6
9.Ba3 Nbd7 10.Ng5 e6 11.Bxf8 Nxf8 12.Nc3 N8d7 13.axb5 axb5 14.O-O h6 15.Nf3 O-O
16.Rab1  1/2-1/2

[Event "Grand Prix Pyramides FFE KO"]
[Site "Le Port-Marly FRA"]
[Date "2012.01.08"]
[Round "1.2"]
[White "Fressinet,L"]
[Black "Istratescu,A"]
[Result "1-0"]
[WhiteElo "2693"]
[BlackElo "2628"]

1.Nf3 d5 2.c4 d4 3.e3 Nc6 4.b4 dxe3 5.fxe3 Nxb4 6.d4 e6 7.Nc3 Nf6 8.a3 Nc6
9.Bd3 g6 10.O-O Bg7 11.Bb2 O-O 12.Qe2 b6 13.Rad1 Bb7 14.Kh1 Qe7 15.e4 Rad8
16.d5 exd5 17.cxd5 Na5 18.Rfe1 Nb3 19.Bc4 Nc5 20.e5 Nfd7 21.Bc1 h6 22.Bf4 Kh7
23.Bg3 Rde8 24.Nb5 Qd8 25.e6 c6 26.Nd6 cxd5 27.Nxb7 Nxb7 28.e7 Rxe7 29.Qxe7 dxc4
30.Rxd7 Qxe7 31.Rdxe7 Nc5 32.Be5 Nd3 33.Bxg7 Kxg7 34.Rf1 Rc8 35.Nd4 c3 36.Rfxf7+ Kh8
37.Rh7+  1-0

[Event "ch-AUS 2011-12"]
[Site "North Geelong AUS"]
[Date "2012.01.08"]
[Round "11.1"]
[White "Wohl,A"]
[Black "Johansen,D"]
[Result "1/2-1/2"]
[WhiteElo "2404"]
[BlackElo "2403"]

1.Nf3 d5 2.c4 c6 3.g3 Bg4 4.Bg2 e6 5.O-O Nd7 6.cxd5 cxd5 7.d4 Ngf6 8.Nc3 Bd6
9.b3 a6 10.Bb2 O-O 11.h3 Bxf3 12.Bxf3 Rc8 13.Qd3 Qe7 14.a3 Rc7 15.Rfe1 Rd8
16.Bg2 Qf8 17.Na4 b5 18.Nc3 Rdc8 19.Rec1 Qd8 20.a4 b4 21.Nd1 a5 22.Ne3 Rxc1+
23.Rxc1 Rxc1+ 24.Bxc1 Qc7 25.Bd2 h6 26.Ng4 Nxg4 27.hxg4 Nf6 28.g5 hxg5 29.Bxg5 Qc3
30.Qxc3 bxc3 31.Bc1 Ne4 32.e3  1/2-1/2

[Event "37th Seville Open"]
[Site "Seville ESP"]
[Date "2012.01.12"]
[Round "6"]
[White "Barrantes Munoz,H"]
[Black "Bykov,Alexe1"]
[Result "1/2-1/2"]
[WhiteElo "2211"]
[BlackElo "2337"]

1.Nf3 d5 2.c4 e6 3.g3 Nf6 4.Bg2 dxc4 5.Na3 Bxa3 6.bxa3 O-O 7.Bb2 c5 8.Ne5 Nd5
9.Nxc4 Nc6 10.O-O b6 11.Rc1 Bb7 12.d4 b5 13.Ne5 Nxe5 14.dxe5 Rc8 15.e4 Nb6
16.Qg4 Nc4 17.Bc3 Rc7 18.Rfd1 Rd7 19.Bf1 h5 20.Qxh5 Bxe4 21.Rxd7 Qxd7 22.Rd1 Qc6
23.Qh4 Nxa3 24.Rd8 Rxd8 25.Qxd8+ Kh7 26.Qh4+ Kg8 27.Qd8+  1/2-1/2

[Event "Basque Teams 2012"]
[Site "Bergara ESP"]
[Date "2012.01.14"]
[Round "1.2"]
[White "Alvarez Ibarra,R"]
[Black "Salinero de Prado,J"]
[Result "1-0"]
[WhiteElo "2368"]
[BlackElo "2141"]

1.Nf3 d5 2.c4 c6 3.d4 Nf6 4.Nc3 e6 5.Bg5 h6 6.Bxf6 Qxf6 7.Qc2 g5 8.e4 dxc4
9.Bxc4 Bg7 10.O-O O-O 11.e5 Qe7 12.Rae1 Nd7 13.Qe4 Rd8  1-0

[Event "TCh-AUT 2 Ost 2011-12"]
[Site "Vienna AUT"]
[Date "2012.01.14"]
[Round "5"]
[White "Nolz,Tom"]
[Black "Plank,F"]
[Result "1-0"]
[WhiteElo "2188"]
[BlackElo "2273"]

1.Nf3 d5 2.c4 e6 3.d4 c6 4.e3 Nf6 5.Nbd2 Nbd7 6.Bd3 Be7 7.O-O O-O 8.b3 b6
9.Bb2 Bb7 10.Qe2 Rc8 11.Rfd1 Qc7 12.Rac1 Qb8 13.e4 dxe4 14.Nxe4 c5 15.d5 exd5
16.cxd5 Rfe8 17.Qc2 Nxe4 18.Bxe4 g6 19.Bf5 Rcd8 20.d6 Bf6 21.Bxd7 Bxb2 22.Qxb2 Bxf3
23.Bxe8 Bxd1 24.Rxd1 Rxe8 25.d7 Rd8 26.Qf6 Qc7 27.Qe7 b5 28.h4 h5 29.g4 hxg4
30.h5 gxh5 31.Rd5 f6 32.Rd6 c4 33.Qe6+ Kh7 34.Qf7+ Kh8 35.Qxf6+ Kg8 36.Qg5+ Kf7
37.Rf6+ Ke7 38.Qg7+  1-0

[Event "TCh-CZE Liga 1 Zapad"]
[Site "Czech Rep CZE"]
[Date "2012.01.15"]
[Round "6.7"]
[White "Pokrupa,M"]
[Black "Vecerka,P"]
[Result "0-1"]
[WhiteElo "2222"]
[BlackElo "2091"]

1.Nf3 d5 2.c4 c6 3.g3 Nf6 4.Bg2 e6 5.O-O Be7 6.b3 Nbd7 7.d4 O-O 8.Qc2 Re8
9.Nc3 Bf8 10.Rd1 Qa5 11.e4 dxe4 12.Nxe4 Nxe4 13.Qxe4 Nf6 14.Qc2 h6 15.Bb2 Ba3
16.Bxa3 Qxa3 17.c5 Qa5 18.Ne5 Qc7 19.a4 Nd5 20.a5 Bd7 21.Nc4 Red8 22.Ra4 a6
23.Be4 Be8 24.Bh7+ Kh8 25.Be4 Rab8 26.Qd2 Qe7 27.Bb1 Kg8 28.Qd3 g6 29.Qd2 Kg7
30.h4 h5 31.Be4 Qf6 32.Nd6 Nc7 33.Bg2 Nb5 34.Ne4 Qe7 35.f4 Rd7 36.Qb2 f6
37.Bf1 Rbd8 38.Bxb5 cxb5 39.Raa1 Rd5 40.Nd6 Bc6 41.Re1 R5xd6 42.cxd6 Qxd6
43.Rad1 Qd5 44.Kh2 b4 45.Re3 Rd6 46.Rde1 Qf5 47.Qe2 Rxd4 48.Rxe6 Qd5 49.Re7+ Kh6
50.Qf2 Rd2 51.R7e2 Rd4 52.f5 gxf5 53.Qe3+ Kg6 54.Qf2 Qd6 55.Rf1 Rxh4+  0-1

[Event "10th Parsvnath Open"]
[Site "New Delhi IND"]
[Date "2012.01.15"]
[Round "1"]
[White "Barbosa,O PHI"]
[Black "Rajarishi,Karthi"]
[Result "1-0"]
[WhiteElo "2573"]
[BlackElo "1823"]

1.Nf3 d5 2.c4 e6 3.g3 Nf6 4.Bg2 Be7 5.O-O O-O 6.d4 Nbd7 7.Nc3 c6 8.Nd2 b6
9.e4 dxe4 10.Ndxe4 Bb7 11.Qc2 Nxe4 12.Nxe4 c5 13.dxc5 Bxc5 14.Ng5 Nf6 15.Bxb7 Rb8
16.Bg2 Qe7 17.Bf4 Rbd8 18.Rad1 h6 19.Nf3 Ng4 20.Rde1 g5 21.Bd2 Qf6 22.Bc3 Qf5
23.Qxf5 exf5 24.h3 Nxf2 25.Rxf2 g4 26.hxg4 fxg4 27.Ne5 h5 28.Bd5 Rd6 29.Nd3 Bxf2+
30.Nxf2 Rg6 31.Re7 a5 32.Ne4 Rd8 33.Nf6+ Kh8 34.Rxf7 Rg7 35.Nxh5 Kg8 36.Rxg7+ Kf8
37.Rf7+ Kg8 38.Nf6+ Kh8 39.Rh7+  1-0

[Event "ITT Homenaje Maestros Predecesore"]
[Site "Asuncion PAR"]
[Date "2012.01.16"]
[Round "7.5"]
[White "Saldano Dayer,H"]
[Black "Kropff,R"]
[Result "1-0"]
[WhiteElo "2441"]
[BlackElo "2236"]

1.Nf3 d5 2.c4 dxc4 3.e3 Nf6 4.Bxc4 e6 5.O-O a6 6.d4 b5 7.Bd3 Bb7 8.a4 b4
9.Qe2 c5 10.dxc5 Bxc5 11.e4 Nbd7 12.Nbd2 O-O 13.a5 Be7 14.Nb3 Qb8 15.Bg5 Rd8
16.Rac1 h6 17.Bh4 Qa7 18.Bg3 Nc5 19.Nxc5 Bxc5 20.Bh4 Rdc8 21.Ne5 Be7 22.Nc4 Qd4
23.Bxf6 Bxf6 24.e5 Qd5 25.f4 Be7 26.Rcd1 Qc6 27.Kh1 Bc5 28.Rf3 Rd8 29.Rg3 Kf8
30.Rf1 Rd4 31.f5 Rad8 32.fxe6 Qxe6 33.b3 Kg8 34.Bc2 Qe7 35.Qh5 Rh4 36.Qf5 g6
37.e6 Bd5 38.Qxf7+ Qxf7 39.exf7+ Bxf7 40.Bxg6 Bxc4 41.Bd3+ Kh8 42.Bxc4 Bd6
43.Rh3 Rxh3 44.gxh3 Bc7 45.Rf6 Bxa5 46.Rxh6+ Kg7 47.Rxa6 Bc7 48.Ra7 Rd7 49.Rb7 Kf6
50.Kg2 Rd2+ 51.Kf3 Bd6 52.Rb6 Ke5 53.Rb5+ Kf6 54.Rb6 Ke5 55.h4 Rxh2 56.h5 Bf8
57.Rb8 Be7 58.Rb5+ Kf6 59.Rb6+ Kg7 60.Rg6+ Kh7 61.Re6 Bf8 62.Kg4 Rg2+ 63.Kh3 Rg1
64.Bd3+ Kg8 65.Be4 Kg7 66.Bd5 Kh7 67.Re8 Bd6 68.Be4+  1-0

[Event "11th Prague Open A"]
[Site "Prague CZE"]
[Date "2012.01.16"]
[Round "4"]
[White "Vokac,M"]
[Black "Fiala,R"]
[Result "1-0"]
[WhiteElo "2471"]
[BlackElo "2278"]

1.Nf3 d5 2.c4 d4 3.b4 f6 4.e3 e5 5.exd4 e4 6.Qe2 Qe7 7.Ng1 Nc6 8.Qe3 Nxb4
9.Kd1 Nh6 10.Nc3 Nf5 11.Qxe4 Qxe4 12.Nxe4 Nxd4 13.Bb2 Nbc6 14.Ne2 Nxe2 15.Bxe2 Bf5
16.Bh5+ Kd7 17.Re1 Rd8 18.Ng3 Be6 19.d4 Ne7 20.d5 Bg8 21.Bg4+ Ke8 22.Kc2 b5
23.Ba3 h5 24.Nxh5 Bh7+ 25.Kc3 f5 26.Bf3 Kf7 27.Nf4 Ng6 28.Nxg6 Bxg6 29.Bxf8 Rdxf8
30.cxb5 Rxh2 31.Kc4 Rd8 32.Kc5 Rd6 33.Rh1 Rxh1 34.Rxh1 Kg8 35.Re1 Kf7 36.a4 a6
37.a5 axb5 38.Re6 Rd8 39.Rc6 Rc8 40.a6  1-0

[Event "11th Prague Open A"]
[Site "Prague CZE"]
[Date "2012.01.19"]
[Round "8"]
[White "Vokac,M"]
[Black "Mishuchkov,N"]
[Result "1/2-1/2"]
[WhiteElo "2471"]
[BlackElo "2418"]

1.Nf3 d5 2.c4 dxc4 3.Na3 c5 4.Nxc4 Nc6 5.b3 f6 6.Bb2 e5 7.d3 Nge7 8.g3 Nd5
9.Bg2 Be7 10.O-O O-O 11.a3 Be6 12.Re1 Qd7 13.e3 Bg4 14.Qc2 Rfd8 15.d4 cxd4
16.exd4 exd4 17.Nxd4 Nxd4 18.Bxd4 Bf8 19.Bb2 b5 20.Na5 Rac8 21.Qd2 b4 22.Nc4 Nb6
23.Qxd7 Rxd7 24.Nxb6 axb6 25.axb4 Rc2 26.Ba3 Re2 27.Bf1 Rxe1 28.Rxe1 Be7
29.Kg2 h5 30.Bc4+ Kf8 31.h3 Bf5 32.Be6 Bxe6 33.Rxe6 Rd3 34.Rxb6 Rxb3 35.Bc1 Rxb4
36.Rxb4 Bxb4 37.g4  1/2-1/2

[Event "10th Parsvnath Open"]
[Site "New Delhi IND"]
[Date "2012.01.22"]
[Round "10.25"]
[White "Hegde,R1"]
[Black "Ghosh,D"]
[Result "1/2-1/2"]
[WhiteElo "2211"]
[BlackElo "2372"]

1.Nf3 d5 2.c4 c6 3.b3 Bg4 4.Bb2 Nd7 5.e3 Ngf6 6.Nc3 e6 7.Be2 Bd6 8.Rc1 O-O
9.O-O a5 10.cxd5 exd5 11.Nd4 Bxe2 12.Ncxe2 Re8 13.Ng3 Bf8 14.a4 g6 15.f4 Bg7
16.f5 Ne5 17.Qc2 Rc8 18.fxg6 fxg6 19.Nf3 Nfg4 20.Kh1 Nxf3 21.gxf3 Ne5 22.Bxe5 Rxe5
23.f4 Re7 24.f5 Qd6 25.fxg6 hxg6 26.Ne2 Kh7 27.Rf3 Qe6 28.Rg1 Qe4 29.Qxe4 dxe4
30.Rh3+ Bh6 31.Rg4 Kg7 32.Ng3 Re5 33.Rxe4 Rxe4 34.Nxe4 Rd8 35.Kg2 Rd3 36.Kf3 b6
37.Ke2 Rxb3 38.Nd6 Rb4 39.Ne8+ Kh7 40.Nf6+ Kg7 41.Ne8+ Kh7  1/2-1/2

[Event "Gibraltar Open"]
[Site "Caleta ENG"]
[Date "2012.01.24"]
[Round "1.23"]
[White "Erdos,V"]
[Black "Coleman,T"]
[Result "1-0"]
[WhiteElo "2634"]
[BlackElo "2356"]

1.Nf3 d5 2.c4 c6 3.g3 Nf6 4.Bg2 Bg4 5.Ne5 Be6 6.cxd5 Bxd5 7.Nf3 c5 8.Nc3 Bc6
9.O-O e6 10.d3 Bd6 11.e4 Nbd7 12.Qe2 Ne5 13.Ne1 Ng6 14.Nc2 Be7 15.Be3 O-O
16.d4 cxd4 17.Nxd4 Bd7 18.Rfd1 Qb8 19.Nb3 Rc8 20.e5 Qxe5 21.Bxb7 Bc6 22.Bxc8 Rxc8
23.Rac1 Rf8 24.Bxa7 Qc7 25.Bd4 e5 26.Be3 Qb8 27.Na5 Ba8 28.Nb5 Be4 29.Nc6 Qa8
30.Nc7 Qb7 31.Na5 Qc8 32.f3 Bf5 33.Qa6 Qxa6 34.Nxa6 Ra8 35.Nc6 Bf8 36.Nc7 Rxa2
37.Bc5 Bxc5+ 38.Rxc5 h5 39.Rd8+ Kh7 40.Nxe5 Rxb2 41.Nxf7 Rb7 42.h4 Bd7 43.Nd5  1-0

[Event "11th Marienbad GMA"]
[Site "Marianske Lazne CZE"]
[Date "2012.01.24"]
[Round "4"]
[White "Chernyshov,K"]
[Black "Skytte,R"]
[Result "1-0"]
[WhiteElo "2567"]
[BlackElo "2388"]

1.Nf3 d5 2.c4 e6 3.e3 Nf6 4.b3 c5 5.Bb2 Nc6 6.cxd5 exd5 7.Bb5 Bd7 8.O-O Bd6
9.Bxf6 Qxf6 10.Nc3 O-O 11.Nxd5 Qh6 12.Be2 Rad8 13.Nc3 Rfe8 14.Re1 Ne5 15.g3 Ng4
16.Bb5 Re5 17.Bxd7 Rxd7 18.Nh4 Nxh2 19.Kxh2 g5 20.f4 gxh4 21.Qg4+ Kf8 22.Qxd7 hxg3+
23.Kxg3 Rg5+ 24.Kf3 Qh3+ 25.Qxh3  1-0

[Event "Gibraltar Open"]
[Site "Caleta ENG"]
[Date "2012.01.25"]
[Round "2.101"]
[White "Puroila,S"]
[Black "Yurenok,M"]
[Result "1/2-1/2"]
[WhiteElo "1906"]
[BlackElo "2109"]

1.Nf3 d5 2.c4 c6 3.Nc3 Nf6 4.cxd5 cxd5 5.d4 Nc6 6.g3 e6 7.Bg2 Be7 8.O-O O-O
9.Bf4 a6 10.Ne5 Bd7 11.e4 dxe4 12.Nxe4 Re8 13.Nxf6+ Bxf6 14.Bxc6 Bxc6 15.Nxc6 bxc6
16.Be5 Bxe5 17.dxe5 Qb8 18.Qe2 Rd8 19.Rac1 Qb5 20.Rfe1 g6 21.b3 Rd5 22.f4 Rad8
23.Qxb5 cxb5 24.Re2 a5 25.Rcc2 a4 26.bxa4 bxa4 27.Rc4 Ra8 28.Kf2 Rd3 29.Rec2 Kg7
30.Ke2 Rd5 31.Rd2 Rb5 32.h4 h5 33.Rdd4 Rb2+ 34.Rd2 a3 35.Rc3 Rb1 36.Rdd3 Rb2+
37.Rd2 Rb1 38.Rdd3  1/2-1/2

[Event "Gibraltar Open"]
[Site "Caleta ENG"]
[Date "2012.01.26"]
[Round "3.67"]
[White "Iturrizaga,E"]
[Black "Magar,J"]
[Result "1-0"]
[WhiteElo "2649"]
[BlackElo "2088"]

1.Nf3 d5 2.c4 d4 3.b4 g6 4.Bb2 Bg7 5.g3 b6 6.Bg2 Bb7 7.Qa4+ Qd7 8.Qb3 Nc6
9.O-O e5 10.d3 Nge7 11.a4 a5 12.b5 Nd8 13.Nbd2 Rb8 14.c5 bxc5 15.e4 dxe3
16.fxe3 Bd5 17.Qc2 f6 18.Qxc5 Ba8 19.Nc4 O-O 20.Rfd1 c6 21.b6 Nd5 22.Qxa5 Nxb6
23.Nxb6 Qc7 24.Ba3  1-0

[Event "Gibraltar Open"]
[Site "Caleta ENG"]
[Date "2012.01.26"]
[Round "3.72"]
[White "Vojinovic,J"]
[Black "Thornton,J"]
[Result "1-0"]
[WhiteElo "2359"]
[BlackElo "2050"]

1.Nf3 d5 2.c4 e6 3.g3 Nf6 4.Bg2 c5 5.cxd5 exd5 6.d4 Nc6 7.Nc3 Be7 8.O-O O-O
9.Bg5 c4 10.Ne5 Be6 11.Nxc4 dxc4 12.Bxf6 Bxf6 13.d5 Qb6 14.Na4 Qd4 15.dxe6 fxe6
16.Bxc6 bxc6 17.Qxd4 Bxd4 18.Rac1 c3 19.Nxc3 Rab8 20.b3 Bxc3 21.Rxc3 Rbd8
22.Rxc6 Rd2 23.Rxe6 Rxa2 24.Rc1 Kf7 25.Re3 Kg6 26.Rc6+ Rf6 27.Rxf6+ gxf6
28.Kg2 a5 29.h4 h5 30.Kf3 a4 31.bxa4 Rxa4 32.Re4 Ra1 33.Rb4 Rg1 34.e4 Re1
35.Kf4 Re2 36.f3 Rf2 37.Rb6 Re2 38.Ra6 Re1 39.Ra5 Re2 40.Rd5 Ra2 41.g4 hxg4
42.h5+ Kh6 43.Kxg4 Ra6 44.Rd8 Ra5 45.Rg8 f5+ 46.Kf4 fxe4 47.fxe4 Kxh5 48.e5 Ra1
49.Kf5 Rf1+ 50.Ke6 Kh6 51.Ke7 Kh7 52.Rg2 Kh6 53.e6 Rf3 54.Ke8 Rf1 55.e7 Ra1
56.Kf8 Rf1+ 57.Kg8 Re1 58.Rg7 Re2 59.Kf8 Re1 60.Rf7  1-0

[Event "14th NordWest-Cup"]
[Site "Bad Zwischenahn GER"]
[Date "2012.01.28"]
[Round "5.3"]
[White "Teske,H"]
[Black "Jugelt,T"]
[Result "1-0"]
[WhiteElo "2550"]
[BlackElo "2400"]

1.Nf3 d5 2.c4 c6 3.d4 Nf6 4.Nc3 dxc4 5.a4 Bf5 6.Ne5 Nd5 7.Nxc4 Nd7 8.f3 Nb4
9.e4 Bg6 10.Bg5 Nb6 11.Qb3 a5 12.d5 Qc7 13.Rc1 e6 14.Nb5 cxb5 15.Nxb6  1-0

[Event "Gibraltar Open"]
[Site "Caleta ENG"]
[Date "2012.01.28"]
[Round "5.65"]
[White "Vojinovic,J"]
[Black "Compton,A"]
[Result "1-0"]
[WhiteElo "2359"]
[BlackElo "2051"]

1.Nf3 d5 2.c4 e6 3.g3 c5 4.Bg2 Nf6 5.O-O Be7 6.d4 Nc6 7.dxc5 Bxc5 8.a3 dxc4
9.Qa4 O-O 10.Qxc4 Bb6 11.Nc3 Qe7 12.b4 h6 13.Na4 Bc7 14.Bb2 Nd5 15.Qc2 Nb6
16.b5 Nxa4 17.Qxa4 Nd8 18.Qd4 f6 19.Nh4 e5 20.Qd3 Qf7 21.Be4 f5 22.Bd5 Be6
23.Rad1 Rc8 24.Bxe6 Nxe6 25.Qd5 Rcd8 26.Qxb7 f4 27.Rxd8 Rxd8 28.Qe4 Ng5 29.Qc2 Qd5
30.Nf3 Nxf3+ 31.exf3 Bb6 32.Qc6 Bd4 33.Qxd5+ Rxd5 34.Bxd4 Rxd4 35.Re1 Ra4
36.Rxe5 Rxa3 37.Kg2 fxg3 38.fxg3 Ra5 39.f4 Ra2+ 40.Kh3 Kf7 41.Rc5 Rb2 42.Rc7+ Kf6
43.Rb7 h5 44.Rxa7 Rxb5 45.Kh4 g6 46.h3 Rc5 47.g4 hxg4 48.hxg4 Rc6 49.g5+ Kf5
50.Rf7+ Ke4 51.Kg4 Rc1 52.Re7+ Kd5 53.Kf3 Rf1+ 54.Kg3 Rg1+ 55.Kf2 Ra1 56.Re8 Ra4
57.Kf3 Ra3+ 58.Re3 Ra6 59.f5 gxf5 60.Kf4 Ra1 61.Kxf5 Rf1+ 62.Kg6 Ra1 63.Kg7 Ra7+
64.Kh6  1-0

[Event "Moscow Open E 2012"]
[Site "Moscow RUS"]
[Date "2012.01.28"]
[Round "1"]
[White "Batsiashvili,N"]
[Black "Pustovoitova,D"]
[Result "1/2-1/2"]
[WhiteElo "2426"]
[BlackElo "2303"]

1.Nf3 d5 2.c4 e6 3.d4 Nf6 4.g3 dxc4 5.Bg2 Nc6 6.O-O Rb8 7.Bg5 Be7 8.Nc3 a6
9.e4 O-O 10.Qd2 b5 11.Rad1 Nb4 12.Ne1 Bb7 13.a3 Nc6 14.f4 Na5 15.Bxf6 Bxf6
16.e5 Nb3 17.Qf2 Be7 18.Bxb7 Rxb7 19.Nc2 c5 20.d5 exd5 21.Rxd5 Rd7 22.Rfd1 Nd4
23.Rxd7 Qxd7 24.Nxd4 cxd4 25.Rxd4 Qc6 26.Rd5 f6 27.Qa7 Re8 28.Kg2 fxe5 29.fxe5 b4
30.axb4 Bxb4 31.Qd7 Qxd7 32.Rxd7 Rxe5 33.Rc7 Bxc3 34.bxc3 Re2+ 35.Kf3 Rxh2
36.Rxc4 Ra2 37.Rc7 a5 38.c4 a4 39.c5 a3 40.c6 Rc2 41.Ra7 Rxc6 42.Rxa3 Kf7
43.Rb3 Kf6 44.Ra3 h6 45.Rb3 Rc5 46.Rb6+ Kf5 47.Rb7 g6 48.Rf7+ Kg5 49.Ra7 h5
50.Ra8 Rf5+ 51.Kg2 Kh6 52.Ra6 Kg7 53.Ra7+ Rf7 54.Ra5 Rf6 55.Rb5 Kh6 56.Ra5 g5
57.Rb5 g4 58.Ra5 Kg6 59.Rb5 Rf5 60.Rb6+ Kg5 61.Rb4 Rd5 62.Ra4 Kf5 63.Rb4 Ke5
64.Ra4 Rd2+ 65.Kg1 Rd4 66.Ra5+ Ke4 67.Rxh5  1/2-1/2